Storia romana #2 - Statistics

Statistiche generali
  • Questo quiz è stato fatto 405 volte
  • Il punteggio medio è 9 su 15
Statistiche sulle risposte
Domande Risposte % Corretto
Politico, guadagnò il soprannome di "l'Africano". Scipione
90%
Oratore per antonomasia. Cicerone
88%
Primo imperatore cristiano. Costantino
86%
Imperatore, edificò l'omonimo vallo. Adriano
85%
Imperatore, nominò il cavallo Incitatus senatore. Caligola
81%
Poeta "proibito", scrisse invettive contro l'amata Lesbia. Catullo
70%
Imperatore, iniziò la costruzione del Colosseo. Vespasiano
66%
Gladiatore, capeggiò la terza grande rivola servile. Spartaco
65%
Dittatore, vinse Caio Mario. Silla
61%
Vescovo di Milano, combatté l'arianesimo. Ambrogio
53%
Protettore delle arti per antonomasia. Mecenate
51%
Storico, autore di "Ab Urbe condita". Livio
45%
Imperatrice "scandalosa", s'immergeva nel latte d'asina. Messalina
25%
Patrizia, fu madre di Tiberio e Caio Gracco. Cornelia
24%
Politico, celebre per lo sfarzo dei banchetti. Lucullo
19%
Nessun quiz corrispondente trovato
Distribuzione punteggi
Percentuale di utenti per punteggio
Percentile per numero di risposta
I tuoi punteggi nel tempo
Non hai fatto questo quiz